載入...

Re prodection in domestic animals

書目詳細資料
主要作者: Perry T Cupps
格式: Printed Book
語言:Undetermined
出版: Academic Press 1991
California
版:4
主題:
LEADER 00702nam a2200253Ia 4500
008 141122s9999 xx 000 0 und d
020 |a 121965759 
040 |c . 
041 |a English 
082 |a 636.089 26 
082 |b CUP/RE 
100 |a Perry T Cupps 
245 |a Re prodection in domestic animals 
245 |c Perry T Cupps 
250 |a 4 
260 |b Academic Press 
260 |b California 
260 |c 1991 
300 |a 670 Pages 
500 |a Reference(H609) 
650 |a Re prodection in domestic animals 
942 |c REF 
999 |c 701  |d 701 
952 |0 0  |1 0  |4 0  |6 636_089000000000000_26_CUPRE  |7 0  |9 697  |a COVAS  |b COVAS  |d 0000-00-00  |o 636.089 26 CUP/RE  |p 15614  |r 2014-11-26  |w 2014-11-26  |y REF